| 000 | 01554nam a2200397Ia 4500 | ||
|---|---|---|---|
| 001 | ebr10112541 | ||
| 003 | CaPaEBR | ||
| 006 | m u | ||
| 007 | cr cn||||||||| | ||
| 008 | 060117s2005 ncua sb 001 0 eng d | ||
| 020 | _z0738493600 | ||
| 040 |
_aCaPaEBR _cCaPaEBR |
||
| 035 | _a(OCoLC)137342172 | ||
| 050 | 1 | 4 |
_aTK5105.8885.W43 _bO58 2005eb |
| 100 | 1 | _aOguejiofor, Edward. | |
| 245 | 1 | 0 |
_aMigrating applications from microsoft DNA to IBM WebSphere _h[electronic resource] / _cEdward Oguejiofor et al. |
| 260 |
_aResearch Triangle Park, N.C. : _bIBM, International Technical Support Organization, _c2005. |
||
| 300 |
_axvi, 320 p. : _bill. |
||
| 490 | 1 | _aRedbooks | |
| 500 | _a"August 2005." | ||
| 504 | _aIncludes bibliographical references and index. | ||
| 533 |
_aElectronic reproduction. _bPalo Alto, Calif. : _cebrary, _d2009. _nAvailable via World Wide Web. _nAccess may be limited to ebrary affiliated libraries. |
||
| 630 | 0 | 0 | _aWebSphere. |
| 650 | 0 |
_aWeb portals _xSecurity measures. |
|
| 655 | 7 |
_aElectronic books. _2local |
|
| 700 | 1 | _aKovari, Peter. | |
| 700 | 1 | _aMavri, Robert. | |
| 700 | 1 | _aNagarajan, Shyam. | |
| 700 | 1 | _aRehman, Ashar. | |
| 700 | 1 | _aSommerhauser, Gerd. | |
| 700 | 1 | _aSteckner, Thomas. | |
| 710 | 2 |
_aInternational Business Machines Corporation. _bInternational Technical Support Organization. |
|
| 710 | 2 | _aebrary, Inc. | |
| 830 | 0 | _aIBM redbooks. | |
| 856 | 4 | 0 |
_uhttp://site.ebrary.com/lib/rucke/Doc?id=10112541 _zAn electronic book accessible through the World Wide Web; click to view |
| 999 |
_c107003 _d107003 |
||